[Event "Labor Day Festival op"]
[Site "California"]
[Date "1993.??.??"]
[Round "?"]
[White "Neely, Elizabeth"]
[Black "Lobo, Richard"]
[Result "0-1"]
[WhiteElo "2110"]
[BlackElo "2270"]
[PlyCount "66"]
[EventDate "1993.??.??"]
[EventType "swiss"]
[EventRounds "6"]
[EventCountry "USA"]
[SourceTitle "EXT 2001"]
[Source "ChessBase"]
[SourceDate "2000.11.22"]
[SourceVersion "1"]
[SourceVersionDate "2000.11.22"]
[SourceQuality "1"]

1. e4 c5 2. Nf3 d6 3. d4 cxd4 4. Nxd4 Nf6 5. Nc3 Nc6 6. Be3 e6 7. Bd3 Be7 8. Qe2 0-0 9. 0-0-0 Nxd4 10. Bxd4 e5 11. Be3 Be6 12. Bc4 Rc8 13. Bd5 Nxd5 14. Nxd5 Bg5 15. Kb1 Bxe3 16. Nxe3 Rc6 17. Rd2 Bxa2+ 18. Kxa2 Qa5+ 19. Kb1 Ra6 20. Qxa6 Qxa6 21. Rhd1 Rd8 22. Nf5 g6 23. Nxd6 Kf8 24. b3 Qc6 25. f3 b5 26. Rd5 a6 27. Kb2 Rd7 28. R1d3 Rc7 29. c3 f6 30. Kc2 Qb6 31. Rd1 Qe3 32. R5d3 Qf2+ 33. R3d2 Qc5 0-1

[Event "USA op (Women)"]
[Site "USA"]
[Date "1993.??.??"]
[Round "?"]
[White "Neely, Elizabeth"]
[Black "Tverskaya, Julia"]
[Result "0-1"]
[WhiteElo "2110"]
[BlackElo "2090"]
[PlyCount "62"]
[EventDate "1993.??.??"]
[EventType "swiss"]
[EventRounds "6"]
[EventCountry "USA"]
[SourceTitle "EXT 2001"]
[Source "ChessBase"]
[SourceDate "2000.11.22"]
[SourceVersion "1"]
[SourceVersionDate "2000.11.22"]
[SourceQuality "1"]

1. e4 c5 2. Nf3 d6 3. d4 cxd4 4. Nxd4 Nf6 5. Nc3 e5 6. Nb3 Be7 7. Bg5 0-0 8. Qd2 a6 9. 0-0-0 Nbd7 10. f3 b5 11. a3 Bb7 12. g4 Rc8 13. h4 Qc7 14. Bh3 d5 15. Bxf6 Nxf6 16. g5 d4 17. Ne2 Nd7 18. Ng3 Rfd8 19. Rh2 Bf8 20. h5 Qc4 21. Kb1 Rc7 22. Na5 Qa4 23. Nxb7 Rxb7 24. g6 b4 25. axb4 Nf6 26. Nf5 hxg6 27. hxg6 fxg6 28. Nh6+ gxh6 29. Be6+ Kh7 30. Rxh6+ Bxh6 31. Rh1 Nh5 0-1

[Event "Wch U20 Girls"]
[Site "Adelaide"]
[Date "1988.09.29"]
[Round "5.6"]
[White "Neely, Elizabeth"]
[Black "Hepworth, Mandy"]
[Result "1-0"]
[WhiteElo "2135"]
[BlackElo "2115"]
[PlyCount "73"]
[EventDate "1988.09.??"]
[EventType "swiss"]
[EventRounds "13"]
[EventCountry "AUS"]
[SourceTitle "EXT 1997"]
[Source "ChessBase"]
[SourceDate "1996.11.15"]
[SourceVersion "1"]
[SourceVersionDate "1996.11.15"]
[SourceQuality "1"]

1. e4 c5 2. Nf3 d6 3. d4 cxd4 4. Nxd4 Nf6 5. Nc3 a6 6. Bg5 e6 7. f4 Be7 8. Qf3 Qc7 9. 0-0-0 Nbd7 10. Bd3 h6 11. h4 Nc5 12. f5 hxg5 13. hxg5 Rg8 14. gxf6 Bxf6 15. Nde2 Bd7 16. Qh5 g6 17. fxg6 fxg6 18. Qf3 Bg7 19. Rh7 0-0-0 20. Qf7 Bxc3 21. Nxc3 Rdf8 22. Qe7 Re8 23. Qg5 Qa5 24. Qg3 Qb4 25. a3 Qb6 26. Bc4 Na4 27. Nxa4 Bxa4 28. Qxd6 Qxd6 29. Rxd6 Kb8 30. Rxe6 Rxe6 31. Bxe6 Rd8 32. Bd5 Rd7 33. Rxd7 Bxd7 34. Kd2 Kc7 35. Ke3 b6 36. Kf4 Kd6 37. Bf7 1-0